000 00473cam a2200193ua 4500
001 3576
008 150220n ii |||gr||||Z||||||asm
040 _cMAIN
041 _aasm
082 _a305.8
100 _aGogoi, Rajen,
245 _aAsomiya jati gathanar agrajsakal
_cby Rajen Gogoi
250 _a1st.
260 _aGuwahati:
_bChandra Prakash,
_c2008.
300 _a148p:
_c23cm.
653 _aAssamese
653 _aAsomiya jati gathanar agrajsakal
942 _cBK
999 _c3417
_d3417